| 000 | 00524nam a22001937a 4500 | ||
|---|---|---|---|
| 003 | OSt | ||
| 005 | 20180116183048.0 | ||
| 008 | 160725b xxu||||| |||| 00| 0 eng d | ||
| 020 | _a9780195797978 | ||
| 040 | _c0 | ||
| 082 | _a327.1170903 BON 1998 | ||
| 100 | _aBrian Bond | ||
| 245 |
_aThe Pursuit of Victory _bFrom Napoleon to Saddam Hussein _cBrian Bond |
||
| 250 | _aPakistan Edition | ||
| 260 |
_aKarachi Pakistan _bOxford _c1998 |
||
| 300 |
_a240 p. _bPB |
||
| 440 | _aThe Pursuit of Victory | ||
| 942 |
_2ddc _cBK |
||
| 999 |
_c351524 _d351524 |
||